[Event "Nordic-ch Seniors"]
[Site "Bornholm"]
[Date "2013.09.10"]
[Round "4"]
[White "Berkell, Peder"]
[Black "Larsen, Arne Walther"]
[Result "0-1"]
[WhiteElo "2201"]
[BlackElo "1873"]
[PlyCount "100"]
[EventDate "2013.09.07"]
[EventType "swiss"]
[EventRounds "9"]
[EventCountry "DEN"]
[SourceTitle "CBM 156 Extra"]
[Source "ChessBase"]
[SourceDate "2013.10.22"]
[SourceVersion "1"]
[SourceVersionDate "2013.10.22"]
[SourceQuality "1"]

1. Nf3 Nf6 2. c4 g6 3. b3 Bg7 4. Bb2 d6 5. e3 b6 6. Be2 Bb7 7. 0-0 0-0 8. d4 Nbd7 9. Nc3 c5 10. Qc2 a6 11. Rad1 Qc7 12. d5 Rfe8 13. Rd2 b5 14. cxb5 axb5 15. Bxb5 Ba6 16. a4 Reb8 17. Bxa6 Rxa6 18. Nb5 Qb7 19. e4 Ne8 20. Bxg7 Kxg7 21. Rd3 Nc7 22. Nxc7 Qxc7 23. Qc3+ Kg8 24. Nd2 Rab6 25. h4 h5 26. f4 Rb4 27. Rg3 Nf6 28. f5 Ng4 29. fxg6 f6 30. Rf5 c4 31. Rxh5 Qc5+ 32. Kh1 Rxb3 33. Nxb3 Rxb3 34. Qe1 Qf2 35. Qxf2 Nxf2+ 36. Kh2 Rxg3 37. Rf5 Nxe4 38. Rf4 Re3 39. a5 c3 40. a6 c2 41. Rf1 Ra3 42. Rc1 Rxa6 43. Rxc2 Ra7 44. h5 Kg7 45. Rc4 f5 46. g4 Nf6 47. gxf5 Nxh5 48. Rh4 Nf6 49. Rh3 Ra2+ 50. Kg1 Re2 0-1

[Event "SWE-chT2 1011"]
[Site "Sweden"]
[Date "2011.03.13"]
[Round "9"]
[White "Berkell, Peder"]
[Black "Malmgren, Lars Goran"]
[Result "1-0"]
[WhiteElo "2194"]
[BlackElo "2033"]
[PlyCount "115"]
[EventDate "2010.10.23"]
[EventType "team-tourn"]
[EventRounds "9"]
[EventCountry "SWE"]
[SourceTitle "EXT 2012"]
[Source "ChessBase"]
[SourceDate "2011.11.24"]
[SourceVersion "1"]
[SourceVersionDate "2011.11.24"]
[SourceQuality "1"]
[WhiteTeam "Wasa"]
[BlackTeam "Malmo"]
[WhiteTeamCountry "SWE"]
[BlackTeamCountry "SWE"]

1. f4 d5 2. Nf3 g6 3. g3 c5 4. Bg2 Nc6 5. 0-0 Bg7 6. d3 Nf6 7. c3 d4 8. e4 dxe3 9. Bxe3 Qa5 10. Kh1 0-0 11. Nbd2 Be6 12. Nb3 Bxb3 13. Qxb3 Qb6 14. Qc2 Ng4 15. Bg1 a5 16. Nd2 Rac8 17. Nc4 Qa6 18. a4 Nb8 19. Qe2 Nf6 20. Qxe7 Nbd7 21. Qe2 Rfe8 22. Qf3 Rb8 23. Rfe1 Bf8 24. Rxe8 Nxe8 25. f5 g5 26. Re1 Nd6 27. Qh5 h6 28. Bd5 Nf6 29. Qg6+ Bg7 30. Nxd6 Qxd6 31. Qxf7+ Kh8 32. Bg2 Qxd3 33. Qc7 Re8 34. Rxe8+ Nxe8 35. Qc8 Qe2 36. Qe6 Qxe6 37. fxe6 b6 38. Bc6 Nc7 39. e7 Be5 40. Kg2 Kg7 41. e8Q Nxe8 42. Bxe8 Kf6 43. Kf3 Ke6 44. Ke4 Bc7 45. Be3 Bd8 46. Bb5 h5 47. Bc4+ Kf6 48. h3 h4 49. gxh4 gxh4 50. Bf4 Kg6 51. Kf3 Kf5 52. Bd3+ Ke6 53. Bc4+ Kf5 54. Bd5 Bf6 55. Bc7 Bg5 56. Bxb6 Bc1 57. Bxa5 Bxb2 58. c4 1-0

[Event "SWE-chT 0910"]
[Site "Sweden"]
[Date "2010.01.16"]
[Round "6"]
[White "Engqvist, Thomas"]
[Black "Berkell, Peder"]
[Result "1/2-1/2"]
[WhiteElo "2364"]
[BlackElo "2211"]
[PlyCount "79"]
[EventDate "2009.10.16"]
[EventType "team"]
[EventRounds "11"]
[EventCountry "SWE"]
[SourceTitle "EXT 2011"]
[Source "ChessBase"]
[SourceDate "2010.11.26"]
[SourceVersion "1"]
[SourceVersionDate "2010.11.26"]
[SourceQuality "1"]
[WhiteTeam "Stockholm Rockaden"]
[BlackTeam "Wasa"]
[WhiteTeamCountry "SWE"]
[BlackTeamCountry "SWE"]

1. c4 g6 2. e4 Bg7 3. d4 d6 4. Nc3 Nf6 5. Nf3 0-0 6. Be2 e5 7. Be3 exd4 8. Nxd4 Re8 9. f3 Nc6 10. 0-0 Nh5 11. Nxc6 bxc6 12. Qd2 f5 13. Bg5 Bf6 14. Bxf6 Qxf6 15. exf5 Qxf5 16. Ne4 Nf6 17. Bd3 Nxe4 18. Bxe4 Qc5+ 19. Qf2 Qxf2+ 20. Kxf2 Rb8 21. b3 Bd7 22. h4 Re5 23. Rad1 Kg7 24. Rfe1 Rbe8 25. Bc2 Rxe1 26. Rxe1 Rxe1 27. Kxe1 c5 28. Kd2 Kf6 29. Be4 h6 30. f4 Bf5 31. Bc6 Bb1 32. Kc1 Bd3 33. Kd2 Bb1 34. g4 h5 35. gxh5 gxh5 36. Bf3 Bg6 37. Ke3 Be8 38. Be4 Bg6 39. Bf3 Be8 40. Be4 1/2-1/2

[Event "SWE-chT 0910"]
[Site "Sweden"]
[Date "2009.11.14"]
[Round "4"]
[White "Berkell, Peder"]
[Black "Lindberg, Bo"]
[Result "1/2-1/2"]
[WhiteElo "2211"]
[BlackElo "2354"]
[PlyCount "135"]
[EventDate "2009.10.16"]
[EventType "team"]
[EventRounds "11"]
[EventCountry "SWE"]
[SourceTitle "EXT 2011"]
[Source "ChessBase"]
[SourceDate "2010.11.26"]
[SourceVersion "1"]
[SourceVersionDate "2010.11.26"]
[SourceQuality "1"]
[WhiteTeam "Wasa"]
[BlackTeam "Viking"]
[WhiteTeamCountry "SWE"]
[BlackTeamCountry "SWE"]

1. f4 d5 2. Nf3 g6 3. g3 Bg7 4. Bg2 Nf6 5. 0-0 c5 6. d3 Nc6 7. c3 0-0 8. Na3 Rb8 9. Ne5 Nxe5 10. fxe5 Ne8 11. d4 cxd4 12. cxd4 Nc7 13. Qb3 Bg4 14. Rf2 Qd7 15. Bf4 Rfd8 16. Raf1 b5 17. Qe3 Be6 18. Bh6 Bh8 19. h4 f6 20. Nc2 Bf5 21. Ne1 Ne6 22. Rxf5 gxf5 23. Bh3 Ng7 24. Bxg7 Bxg7 25. e6 Qe8 26. Bxf5 Qh5 27. Ng2 Rbc8 28. Qd3 a6 29. Nf4 Qh6 30. Qa3 Bf8 31. Qxa6 Ra8 32. Qxb5 Rxa2 33. Kg2 Raa8 34. Qd3 Rab8 35. Rb1 Rb4 36. b3 Kh8 37. Qc3 Rb5 38. b4 Qg7 39. Ra1 Rdb8 40. Rb1 Qg8 41. Qf3 Rxb4 42. Rxb4 Rxb4 43. e3 Bh6 44. Nxd5 Rb2+ 45. Kh3 Qe8 46. Be4 Qg8 47. Qf5 Qg7 48. Qh5 Rb8 49. Bf5 Rg8 50. g4 Ra8 51. Kg3 Qf8 52. Kf3 Ra3 53. Qf7 Qxf7 54. exf7 Kg7 55. Be6 Ra6 56. Nc7 Rc6 57. Ne8+ Kf8 58. d5 Rc3 59. h5 Bxe3 60. Ke4 Ba7 61. Kf4 Bb8+ 62. Ke4 Be5 63. h6 Rh3 64. Ng7 Rxh6 65. Nh5 Rg6 66. Kd3 Rg5 67. Ke3 Bd6 68. Nf4 1/2-1/2

[Event "Stockholm Elo op"]
[Site "Stockholm"]
[Date "2009.05.23"]
[Round "6"]
[White "Berkell, Peder"]
[Black "Ranby, Hans"]
[Result "1-0"]
[WhiteElo "2218"]
[BlackElo "1981"]
[PlyCount "57"]
[EventDate "2009.05.20"]
[EventType "swiss"]
[EventRounds "9"]
[EventCountry "SWE"]
[SourceTitle "EXT 2012"]
[Source "ChessBase"]
[SourceDate "2011.11.24"]
[SourceVersion "1"]
[SourceVersionDate "2011.11.24"]
[SourceQuality "1"]

1. d4 Nf6 2. c4 e6 3. Nc3 Bb4 4. a3 Bxc3+ 5. bxc3 c5 6. e3 b6 7. Ne2 Bb7 8. Ng3 Nc6 9. Bd3 d6 10. 0-0 0-0 11. f4 Rc8 12. d5 exd5 13. cxd5 Nxd5 14. c4 Nf6 15. Bb2 Na5 16. Nf5 d5 17. cxd5 Bxd5 18. Nxg7 Nc4 19. Bxc4 Bxc4 20. Nh5 Bxf1 21. Nxf6+ Kh8 22. Qh5 Bd3 23. Nxh7+ f6 24. Nxf6+ Kg7 25. Ne4+ Rf6 26. Bxf6+ Qxf6 27. Nxf6 Kxf6 28. Qe5+ Kf7 29. Qd5+ 1-0

[Event "SWE-chT2 0809"]
[Site "Sweden"]
[Date "2009.02.28"]
[Round "6"]
[White "Berkell, Peder"]
[Black "Mardell, Jimmy"]
[Result "1/2-1/2"]
[WhiteElo "2223"]
[BlackElo "2233"]
[PlyCount "43"]
[EventDate "2008.10.25"]
[EventType "team-tourn"]
[EventRounds "9"]
[EventCountry "SWE"]
[SourceTitle "EXT 2011"]
[Source "ChessBase"]
[SourceDate "2010.11.26"]
[SourceVersion "1"]
[SourceVersionDate "2010.11.26"]
[SourceQuality "1"]

1. d4 e6 2. Nd2 d5 3. Ngf3 Nf6 4. e3 c5 5. c3 Nc6 6. Bd3 Bd6 7. 0-0 0-0 8. dxc5 Bxc5 9. Qe2 e5 10. e4 d4 11. Nb3 Bb6 12. cxd4 Nxd4 13. Nbxd4 Bxd4 14. Nxd4 Qxd4 15. Be3 Qa4 16. Bc5 Rd8 17. b3 Qe8 18. Rfd1 Bd7 19. f3 Bc6 20. a4 Nd7 21. Be3 Nf8 22. Bc4 1/2-1/2

[Event "SWE-chT 0708"]
[Site "Sweden"]
[Date "2008.02.23"]
[Round "8"]
[White "Landgren, Andreas"]
[Black "Berkell, Peder"]
[Result "0-1"]
[WhiteElo "2198"]
[BlackElo "2217"]
[PlyCount "62"]
[EventDate "2007.10.19"]
[EventType "team"]
[EventRounds "11"]
[EventCountry "SWE"]
[SourceTitle "EXT 2009"]
[Source "ChessBase"]
[SourceDate "2008.11.26"]
[SourceVersion "1"]
[SourceVersionDate "2008.11.26"]
[SourceQuality "1"]
[WhiteTeam "Solna"]
[BlackTeam "Wasa"]
[WhiteTeamCountry "SWE"]
[BlackTeamCountry "SWE"]

1. d4 g6 2. c4 Bg7 3. e4 d6 4. Nc3 Nf6 5. Nf3 0-0 6. h3 e5 7. d5 Nh5 8. Nh2 Qe8 9. Be2 f5 10. exf5 Nf4 11. Bxf4 exf4 12. fxg6 Qxg6 13. Bg4 Nd7 14. 0-0 Ne5 15. Bh5 Qh6 16. Ng4 Bxg4 17. Bxg4 f3 18. Re1 Nxg4 19. hxg4 Be5 20. Rxe5 dxe5 21. gxf3 Qh3 22. Qd2 Rae8 23. Re1 Rxf3 24. Qg5+ Kh8 25. Ne4 Rf4 26. Nf6 Qf3 27. Rxe5 Qxf2+ 28. Kh1 Qf1+ 29. Kh2 Rf2+ 30. Kg3 Rf3+ 31. Kh4 Rh3# 0-1

[Event "SWE-chT 0708"]
[Site "Sweden"]
[Date "2008.02.02"]
[Round "7"]
[White "Blomqvist, Erik"]
[Black "Berkell, Peder"]
[Result "1-0"]
[WhiteElo "2379"]
[BlackElo "2217"]
[PlyCount "117"]
[EventDate "2007.10.19"]
[EventType "team"]
[EventRounds "11"]
[EventCountry "SWE"]
[SourceTitle "EXT 2009"]
[Source "ChessBase"]
[SourceDate "2008.11.26"]
[SourceVersion "1"]
[SourceVersionDate "2008.11.26"]
[SourceQuality "1"]
[WhiteTeam "Stockholm Rockaden"]
[BlackTeam "Wasa"]
[WhiteTeamCountry "SWE"]
[BlackTeamCountry "SWE"]

1. e4 e5 2. Nf3 Nc6 3. Bb5 Nf6 4. 0-0 Nxe4 5. d4 Nd6 6. Bxc6 dxc6 7. dxe5 Nf5 8. Qxd8+ Kxd8 9. Nc3 Be6 10. Bg5+ Ke8 11. g4 Ne7 12. h3 h6 13. Be3 Nd5 14. Nxd5 Bxd5 15. Nd4 h5 16. f3 a6 17. b3 c5 18. Ne2 Bc6 19. Rad1 Be7 20. c4 Rd8 21. Kg2 b6 22. Bf4 Rd7 23. Bg3 Bg5 24. Nc3 h4 25. Bh2 Be3 26. Rxd7 Kxd7 27. Rd1+ Kc8 28. Nd5 Bd4 29. Ne7+ Kb7 30. Nf5 f6 31. Nxd4 cxd4 32. exf6 gxf6 33. Rxd4 Re8 34. Kf2 b5 35. c5 a5 36. a3 Re7 37. Bf4 Re8 38. Be3 Re5 39. Rd8 b4 40. axb4 axb4 41. Rd4 Rxc5 42. Rxb4+ Rb5 43. Rxb5+ Bxb5 44. Bd4 f5 45. Bf6 fxg4 46. fxg4 c5 47. Bxh4 Bd7 48. Kf3 Be6 49. Kf4 Kc6 50. Bf2 Bxb3 51. Ke5 c4 52. h4 Kd7 53. Kf6 Ke8 54. Bc5 c3 55. Ba3 c2 56. Kg7 Be6 57. g5 Bg4 58. g6 Be2 59. Kh8 1-0

[Event "SWE-chT 0607"]
[Site "Sweden"]
[Date "2007.01.20"]
[Round "6"]
[White "Dragicevic, Drazen"]
[Black "Berkell, Peder"]
[Result "1-0"]
[WhiteElo "2303"]
[BlackElo "2217"]
[PlyCount "107"]
[EventDate "2006.10.20"]
[EventType "team"]
[EventRounds "11"]
[EventCountry "SWE"]
[SourceTitle "EXT 2009"]
[Source "ChessBase"]
[SourceDate "2008.11.26"]
[SourceVersion "1"]
[SourceVersionDate "2008.11.26"]
[SourceQuality "1"]
[WhiteTeam "Lund"]
[BlackTeam "Wasa"]
[WhiteTeamCountry "SWE"]
[BlackTeamCountry "SWE"]

1. c4 g6 2. Nc3 Bg7 3. d4 d6 4. g3 Nf6 5. Bg2 0-0 6. e4 Nbd7 7. f4 a6 8. e5 Ne8 9. Be3 c5 10. Nf3 cxd4 11. Bxd4 dxe5 12. Nxe5 Nef6 13. 0-0 Nxe5 14. Bxe5 Qb6+ 15. Qd4 Qxd4+ 16. Bxd4 Ng4 17. Bxg7 Kxg7 18. Nd5 Rb8 19. Bf3 e6 20. Nb6 Ne3 21. Rfc1 e5 22. fxe5 Bf5 23. Rc3 Ng4 24. Re1 Rfe8 25. Bxg4 Bxg4 26. c5 Rbd8 27. Nc4 Rd5 28. b4 a5 29. Nxa5 Rdxe5 30. Rxe5 Rxe5 31. Rc2 Bh3 32. Kf2 b6 33. cxb6 Rb5 34. b7 Rxb4 35. Rc8 Rxb7 36. Nxb7 Bxc8 37. Nd6 Bd7 38. Ke3 Kf6 39. Kd4 Ba4 40. Ne4+ Kf5 41. Nc3 Bc6 42. Kc5 Ba8 43. a4 Kg4 44. a5 f5 45. Nd5 g5 46. Ne3+ Kh3 47. Nxf5 Kxh2 48. g4 Kh3 49. Nh6 Kg3 50. a6 Kf4 51. Kd6 Be4 52. a7 Bh1 53. Kc7 Ke5 54. Nf7+ 1-0

[Event "SWE-chT 0506"]
[Site "Sweden"]
[Date "2006.??.??"]
[Round "8"]
[White "Klashed, Martin"]
[Black "Berkell, Peder"]
[Result "0-1"]
[WhiteElo "2204"]
[BlackElo "2106"]
[PlyCount "78"]
[EventDate "2005.10.??"]
[EventType "team"]
[EventRounds "11"]
[EventCountry "SWE"]
[SourceTitle "EXT 2008"]
[Source "ChessBase"]
[SourceDate "2007.11.25"]
[SourceVersion "1"]
[SourceVersionDate "2007.11.25"]
[SourceQuality "1"]
[WhiteTeam "Linkoping"]
[BlackTeam "Wasa"]
[WhiteTeamCountry "SWE"]
[BlackTeamCountry "SWE"]

1. e4 g6 2. d4 Bg7 3. Nf3 d6 4. Bc4 e6 5. Nc3 a6 6. a4 b6 7. 0-0 Ne7 8. Be3 h6 9. Qd2 Nd7 10. Rad1 Bb7 11. h3 Kf8 12. Qe2 Kg8 13. Nd2 d5 14. Ba2 Kh7 15. Qf3 Rf8 16. Rfe1 c5 17. Ne2 Bc6 18. exd5 exd5 19. c3 Bxa4 20. b3 Bc6 21. Bb1 b5 22. h4 c4 23. h5 Nf6 24. Nf4 Bd7 25. Qg3 Bf5 26. hxg6+ Bxg6 27. Nxg6 fxg6 28. Bxh6 Bxh6 29. Rxe7+ Qxe7 30. Qxg6+ Kh8 31. Qxh6+ Nh7 32. bxc4 bxc4 33. Nf3 Qg7 34. Qh5 Ra7 35. Ne5 Kg8 36. Re1 Rb7 37. Ng6 Qf7 38. f3 Re8 39. Rxe8+ Qxe8 0-1

[Event "Salongernas Elo 5th"]
[Site "Stockholm"]
[Date "2005.06.11"]
[Round "1"]
[White "Collett, Peter"]
[Black "Berkell, Peder"]
[Result "0-1"]
[WhiteElo "2215"]
[BlackElo "2286"]
[PlyCount "70"]
[EventDate "2005.06.11"]
[EventType "tourn"]
[EventRounds "9"]
[EventCountry "SWE"]
[SourceTitle "CBM 106 Extra"]
[Source "ChessBase"]
[SourceDate "2005.07.01"]
[SourceVersion "1"]
[SourceVersionDate "2005.07.01"]
[SourceQuality "1"]

1. d4 e6 2. c4 c5 3. d5 exd5 4. cxd5 d6 5. e4 Be7 6. Bd3 Bf6 7. h3 Ne7 8. Nf3 0-0 9. 0-0 Ng6 10. Nc3 a6 11. a4 Nd7 12. Nh2 Nde5 13. Be2 Re8 14. f4 Nd7 15. Bd3 Bd4+ 16. Kh1 Nf6 17. Re1 Rb8 18. g4 c4 19. Bc2 Bf2 20. Rf1 Bc5 21. g5 Bxh3 22. gxf6 Bxf1 23. Qxf1 Qxf6 24. Bd2 b5 25. axb5 axb5 26. Re1 Qh4 27. Nd1 Ra8 28. Qf3 Ra1 29. Rf1 b4 30. Ne3 Rxf1+ 31. Nexf1 Qf6 32. Bc1 b3 33. Bb1 Bd4 34. Ng4 Qh4+ 35. Ngh2 Qe1 0-1

[Event "SWE-chT 0405"]
[Site "Sweden"]
[Date "2005.??.??"]
[Round "7"]
[White "Alm, Hakan"]
[Black "Berkell, Peder"]
[Result "1-0"]
[WhiteElo "2328"]
[BlackElo "2242"]
[PlyCount "49"]
[EventDate "2004.11.05"]
[EventType "team"]
[EventRounds "11"]
[EventCountry "SWE"]
[SourceTitle "EXT 2006"]
[Source "ChessBase"]
[SourceDate "2005.11.24"]
[SourceVersion "1"]
[SourceVersionDate "2005.11.24"]
[SourceQuality "1"]
[WhiteTeam "Sodra"]
[BlackTeam "Wasa"]
[WhiteTeamCountry "SWE"]
[BlackTeamCountry "SWE"]

1. d4 d5 2. c4 e6 3. Nc3 c5 4. cxd5 cxd4 5. Qa4+ Bd7 6. Qxd4 exd5 7. Qxd5 Nc6 8. Nf3 Nf6 9. Qd1 Bc5 10. e3 Qe7 11. Be2 0-0-0 12. 0-0 g5 13. b4 g4 14. bxc5 gxf3 15. Bxf3 Ne5 16. e4 Bb5 17. Nxb5 Rxd1 18. Bxd1 Qxc5 19. Rb1 Nxe4 20. Be3 Qd5 21. Bc2 Nf3+ 22. gxf3 Rg8+ 23. Kh1 Nd2 24. Bf5+ Kd8 25. Be4 1-0

[Event "SWE-chT 0506"]
[Site "Sweden"]
[Date "2005.??.??"]
[Round "1"]
[White "Berkell, Peder"]
[Black "Dragicevic, Drazen"]
[Result "0-1"]
[WhiteElo "2226"]
[BlackElo "2279"]
[PlyCount "86"]
[EventDate "2005.10.??"]
[EventType "team"]
[EventRounds "11"]
[EventCountry "SWE"]
[SourceTitle "EXT 2008"]
[Source "ChessBase"]
[SourceDate "2007.11.25"]
[SourceVersion "1"]
[SourceVersionDate "2007.11.25"]
[SourceQuality "1"]
[WhiteTeam "Wasa"]
[BlackTeam "Limhamn"]
[WhiteTeamCountry "SWE"]
[BlackTeamCountry "SWE"]

1. d4 Nf6 2. Bg5 g6 3. Bxf6 exf6 4. g3 Bg7 5. Bg2 f5 6. e3 0-0 7. Ne2 d5 8. 0-0 Re8 9. Nd2 c6 10. b3 Nd7 11. c4 Nf6 12. Nf4 Be6 13. Rc1 Qa5 14. Rc2 Ne4 15. Nxe4 dxe4 16. Qd2 Qb6 17. Rd1 Rad8 18. Nxe6 fxe6 19. Qe2 Rd7 20. h4 Red8 21. c5 Qb4 22. Bf1 e5 23. Rc4 Qa5 24. Ra4 Qc7 25. Rxa7 exd4 26. exd4 Bxd4 27. Qc4+ Kh8 28. Kg2 Bxf2 29. Rd6 e3 30. Qc3+ Rg7 31. Qf6 Re8 32. Ba6 Qf7 33. Qb2 Qe7 34. Be2 Qe4+ 35. Bf3 Qe5 36. Qxe5 Rxe5 37. Rd8+ Rg8 38. Rd7 Rg7 39. Rd8+ Rg8 40. Rd7 Rb8 41. Kf1 Bxg3 42. Raxb7 Rxb7 43. Rxb7 Rxc5 0-1

[Event "SWE-chT 0405"]
[Site "Sweden"]
[Date "2005.??.??"]
[Round "9"]
[White "Berkell, Peder"]
[Black "Nylen, Anders"]
[Result "0-1"]
[WhiteElo "2242"]
[BlackElo "2269"]
[PlyCount "64"]
[EventDate "2004.11.05"]
[EventType "team"]
[EventRounds "11"]
[EventCountry "SWE"]
[SourceTitle "EXT 2006"]
[Source "ChessBase"]
[SourceDate "2005.11.24"]
[SourceVersion "1"]
[SourceVersionDate "2005.11.24"]
[SourceQuality "1"]
[WhiteTeam "Wasa"]
[BlackTeam "Limhamn"]
[WhiteTeamCountry "SWE"]
[BlackTeamCountry "SWE"]

1. e3 Nf6 2. f4 g6 3. b4 Bg7 4. Bb2 d5 5. Nf3 b6 6. Be2 Bb7 7. 0-0 0-0 8. Qe1 c5 9. bxc5 bxc5 10. Na3 Nbd7 11. Qh4 Bc6 12. Ne5 Nxe5 13. Bxe5 Qa5 14. Nb1 Ne4 15. Bxg7 Kxg7 16. f5 Qb6 17. Nc3 Nxc3 18. f6+ Kg8 19. fxe7 Nxe2+ 20. Kh1 d4 21. exf8Q+ Rxf8 22. Rf2 Qb2 23. Raf1 Qxc2 24. Qg4 d3 25. Rxf7 Rxf7 26. Qe6 Nf4 27. Qxc6 Qxd2 28. exf4 Qe2 29. Rg1 d2 30. Qd6 Qe3 31. Qd8+ Kg7 32. Qa5 Qxg1+ 0-1

[Event "SWE-chT 0506"]
[Site "Sweden"]
[Date "2005.??.??"]
[Round "2"]
[White "Berkell, Peder"]
[Black "Semcesen, Daniel"]
[Result "1/2-1/2"]
[WhiteElo "2226"]
[BlackElo "2310"]
[PlyCount "101"]
[EventDate "2005.10.??"]
[EventType "team"]
[EventRounds "11"]
[EventCountry "SWE"]
[SourceTitle "EXT 2008"]
[Source "ChessBase"]
[SourceDate "2007.11.25"]
[SourceVersion "1"]
[SourceVersionDate "2007.11.25"]
[SourceQuality "1"]
[WhiteTeam "Wasa"]
[BlackTeam "Lund"]
[WhiteTeamCountry "SWE"]
[BlackTeamCountry "SWE"]

1. d4 d5 2. Bg5 c6 3. e3 Nf6 4. Bxf6 exf6 5. Bd3 Bd6 6. Nc3 Qe7 7. Qf3 Be6 8. Nge2 Nd7 9. 0-0-0 0-0-0 10. g4 Nb6 11. Nf4 Bxf4 12. Qxf4 h5 13. h3 Qd7 14. gxh5 Rxh5 15. Rdg1 g6 16. Qxf6 Rxh3 17. Rxh3 Bxh3 18. Rh1 Be6 19. Qf4 Qc7 20. Qxc7+ Kxc7 21. Ne2 Nc8 22. Nf4 Kd6 23. f3 Ne7 24. Kd2 Rg8 25. e4 b6 26. Rh7 Rf8 27. a3 a5 28. Ke3 Rg8 29. c3 b5 30. Bf1 g5 31. e5+ Kd7 32. Nxe6 Kxe6 33. Bh3+ f5 34. exf6+ Kxf6 35. Bg4 Rg7 36. Rxg7 Kxg7 37. Bd7 Kg6 38. Kf2 Kf6 39. b3 Kg6 40. Kg2 Kg7 41. Kg3 Kf7 42. Kg4 Kg6 43. a4 bxa4 44. bxa4 Kf6 45. Be8 Nf5 46. Bxc6 Ne3+ 47. Kg3 Nd1 48. Bxd5 Nxc3 49. Bc6 Ne2+ 50. Kg4 Nxd4 51. Be4 1/2-1/2

[Event "SWE-chT 0405"]
[Site "Sweden"]
[Date "2005.??.??"]
[Round "10"]
[White "Josefsson, Kenneth"]
[Black "Berkell, Peder"]
[Result "1/2-1/2"]
[WhiteElo "2018"]
[BlackElo "2242"]
[PlyCount "141"]
[EventDate "2004.11.05"]
[EventType "team"]
[EventRounds "11"]
[EventCountry "SWE"]
[SourceTitle "EXT 2006"]
[Source "ChessBase"]
[SourceDate "2005.11.24"]
[SourceVersion "1"]
[SourceVersionDate "2005.11.24"]
[SourceQuality "1"]
[WhiteTeam "Astorp"]
[BlackTeam "Wasa"]
[WhiteTeamCountry "SWE"]
[BlackTeamCountry "SWE"]

1. e3 g6 2. e4 d6 3. d4 Bg7 4. c3 Nf6 5. Bd3 0-0 6. Ne2 Nbd7 7. f3 e5 8. 0-0 Re8 9. d5 c6 10. c4 Qb6+ 11. Kh1 cxd5 12. cxd5 Nc5 13. Bc2 Nh5 14. Nbc3 f5 15. Na4 Nxa4 16. Bxa4 Rf8 17. exf5 gxf5 18. Qb3 Qd8 19. Bd2 f4 20. Bb5 Rf7 21. Bd3 Bf8 22. a4 Rg7 23. Rf2 Qh4 24. Kg1 Ng3 25. hxg3 fxg3 26. Nxg3 Rxg3 27. Qb4 Qf6 28. Qe4 Rg7 29. Kf1 Rf7 30. Ke2 Bf5 31. Qxf5 Qxf5 32. Bxf5 Rxf5 33. g4 Rf7 34. Rc1 Re8 35. Rc4 Bg7 36. Bb4 Rf4 37. Re4 Bf8 38. Bd2 Rf7 39. Rc4 Bg7 40. b3 Bf8 41. Rh2 Bg7 42. g5 Bf8 43. Rch4 Bg7 44. R2h3 Rf5 45. Rg4 e4 46. fxe4 Rxd5 47. Rd3 Rxd3 48. Kxd3 Kf7 49. Rf4+ Kg6 50. Rf5 Be5 51. Rf1 Rc8 52. Rh1 a6 53. Rh6+ Kg7 54. a5 Rc6 55. b4 Rc8 56. Rh1 Kg6 57. Rc1 Rxc1 58. Bxc1 Kf7 59. Kc4 Ke6 60. Be3 Bg3 61. b5 Be1 62. bxa6 bxa6 63. Bb6 Bd2 64. Bd8 Kd7 65. Kd3 Be1 66. Bb6 Kc6 67. Kc4 Bd2 68. Bd8 Bf4 69. Bf6 Be3 70. Kd3 Bc1 71. Kc4 1/2-1/2

[Event "SWE-chT 0506"]
[Site "Sweden"]
[Date "2005.??.??"]
[Round "3"]
[White "Svensson, Sven"]
[Black "Berkell, Peder"]
[Result "1/2-1/2"]
[WhiteElo "2263"]
[BlackElo "2226"]
[PlyCount "77"]
[EventDate "2005.10.??"]
[EventType "team"]
[EventRounds "11"]
[EventCountry "SWE"]
[SourceTitle "EXT 2008"]
[Source "ChessBase"]
[SourceDate "2007.11.25"]
[SourceVersion "1"]
[SourceVersionDate "2007.11.25"]
[SourceQuality "1"]
[WhiteTeam "Skara"]
[BlackTeam "Wasa"]
[WhiteTeamCountry "SWE"]
[BlackTeamCountry "SWE"]

1. d4 Nf6 2. c4 Nc6 3. Nf3 e6 4. Nc3 Bb4 5. Qc2 d6 6. a3 Bxc3+ 7. Qxc3 0-0 8. Bg5 h6 9. Bh4 Re8 10. e3 e5 11. dxe5 dxe5 12. b4 Bf5 13. Rd1 Qe7 14. Be2 g5 15. Bg3 Ne4 16. Qb2 h5 17. h3 f6 18. Bh2 Rad8 19. 0-0 h4 20. Nd2 Nxd2 21. Rxd2 Rxd2 22. Qxd2 Rd8 23. Qc1 Bd3 24. Qb2 Qe6 25. Bxd3 Rxd3 26. Qc2 Qd7 27. f4 gxf4 28. exf4 Rd2 29. Qg6+ Qg7 30. Qxg7+ Kxg7 31. fxe5 Nxe5 32. Bxe5 fxe5 33. Rf5 Rd4 34. Rxe5 Rxc4 35. Kf2 Kf6 36. Re3 Kf5 37. g3 hxg3+ 38. Kxg3 b6 39. Kf3 1/2-1/2

[Event "SWE-chT 0203"]
[Site "Sweden"]
[Date "2003.02.08"]
[Round "7"]
[White "Sandstrom, Ludvig"]
[Black "Berkell, Peder"]
[Result "1-0"]
[WhiteElo "2360"]
[BlackElo "2310"]
[PlyCount "117"]
[EventDate "2002.10.11"]
[EventType "team"]
[EventRounds "11"]
[EventCountry "SWE"]
[SourceTitle "EXT 2004"]
[Source "ChessBase"]
[SourceDate "2003.11.25"]
[SourceVersion "1"]
[SourceVersionDate "2003.11.25"]
[SourceQuality "1"]
[WhiteTeam "Passanten"]
[BlackTeam "Wasa"]
[WhiteTeamCountry "SWE"]
[BlackTeamCountry "SWE"]

1. Nf3 Nf6 2. c4 c5 3. Nc3 e6 4. g3 b6 5. Bg2 Bb7 6. 0-0 d6 7. Re1 Nbd7 8. e4 a6 9. d4 cxd4 10. Nxd4 Qc7 11. Be3 Be7 12. Rc1 0-0 13. f4 Rac8 14. g4 Nc5 15. Bf2 g6 16. g5 Nh5 17. Nde2 d5 18. exd5 Nxf4 19. Nxf4 Qxf4 20. b4 Bxg5 21. bxc5 Qxc1 22. Qxc1 Bxc1 23. Rxc1 bxc5 24. Rb1 Ba8 25. Rb6 exd5 26. cxd5 Rb8 27. Bxc5 Rxb6 28. Bxb6 Rb8 29. Bc7 Rb2 30. Be4 f5 31. d6 fxe4 32. d7 Rd2 33. d8Q+ Rxd8 34. Bxd8 Kf7 35. Kf2 Ke6 36. Ke3 Kf5 37. h3 g5 38. Ne2 h6 39. Ng3+ Ke5 40. Be7 Bd5 41. a3 Be6 42. Bf8 Bxh3 43. Bxh6 Bg2 44. Bxg5 Kd5 45. Bf6 Bf3 46. Nf1 Kc6 47. Kd4 Be2 48. Nd2 Bd3 49. Nb3 Kd6 50. Nc5 Kc6 51. Bg5 Kd6 52. Be3 Kc6 53. Kc3 Kb5 54. a4+ Kc6 55. Kb4 Kc7 56. Ka5 Kb8 57. Kb6 Ka8 58. Bf4 Bc2 59. Kxa6 1-0

[Event "Rilton Cup 32nd"]
[Site "Stockholm"]
[Date "2002.12.28"]
[Round "2"]
[White "Berkell, Peder"]
[Black "Djurhuus, Rune"]
[Result "1/2-1/2"]
[WhiteElo "2310"]
[BlackElo "2479"]
[PlyCount "78"]
[EventDate "2002.12.27"]
[EventType "swiss"]
[EventRounds "9"]
[EventCountry "SWE"]
[SourceTitle "CBM 091 Extra"]
[Source "ChessBase"]
[SourceDate "2003.01.09"]
[SourceVersion "1"]
[SourceVersionDate "2003.01.09"]
[SourceQuality "1"]

1. d4 Nf6 2. Nf3 g6 3. c4 Bg7 4. Nc3 0-0 5. Bg5 h6 6. Bh4 c5 7. e3 d6 8. Be2 Nc6 9. d5 Nb8 10. e4 g5 11. Bg3 Nh5 12. Qd2 f5 13. exf5 Bxf5 14. 0-0 Nd7 15. Rae1 a6 16. Bd3 Nxg3 17. hxg3 Qe8 18. Bxf5 Rxf5 19. Qd3 Qf8 20. Rxe7 Rxf3 21. Rxg7+ Kxg7 22. Qxf3 Qxf3 23. gxf3 Ne5 24. f4 gxf4 25. gxf4 Nxc4 26. Re1 Rf8 27. b3 Nb6 28. Re7+ Rf7 29. Re6 Nc8 30. Ne4 Rxf4 31. Nxd6 Nxd6 32. Rxd6 Rf6 33. Rd7+ Rf7 34. Rd6 h5 35. Kg2 Rf6 36. Rd7+ Rf7 37. Rd6 Rf6 38. Rd7+ Rf7 39. Rd6 Rf6 1/2-1/2